Open Data Biblioteca Nacional de Portugal


República Portuguesa: Ministério da Cultura
Biblioteca Nacional de Portugal

Catálogo da BNP: acesso por Identificadores Unívocos
Registos Bibliográficos associados ao registo de autoridade

Etiqueta de registo: 00000nam 2200025 450
001 2285767
003 http://id.bnportugal.gov.pt/bib/catbnp/2285767
100 ## $a20260505d2025 k y0pory01030103ba
101 0# $apor$deng
102 ## $aPT
105 ## $aa m 000yy
106 ## $ar
200 1# $aDa propagação da informação como ambição de progresso ao perigo do colapso hermenêutico$fJoão Lucas Moreira Pires$gorient. Luís Cunha
210 #9 $a[S.l.$cs.n.],$d2025
215 ## $a181 p.$cil.$d30 cm
328 #1 $aTese dout. Sociologia, Instituto de Ciências Sociais, Universidade do Minho, 2025
700 #1 $aPires,$bJoão Lucas Moreira$31997690
702 #1 $94$aCunha,$bLuís$4727$31302194
801 #0 $aPT$bBN$gRPC
966 ## $lBN$mFGMON$x1
971 ## $corlando$d20260505

OpendataBNP@bnportugal.pt | Mais informação sobre acesso aos dados BNP